Друзья ВК. [15]: Жизнь (Запись № 13532606)

Подробности
000 -МАРКЕР
контрольное поле 01443nam2a2200253 4500
001 - ИДЕНТИФИКАТОР ЗАПИСИ
контрольное поле RU\NLR\BIBL_A\022596141
005 - ИДЕНТИФИКАТОР ВЕРСИИ
контрольное поле 20260119162026.0
010 ## - МЕЖДУНАРОДНЫЙ СТАНДАРТНЫЙ НОМЕР КНИГИ (ISBN)
Номер (ISBN) 978-5-907980-37-2
Тираж 135
021 ## - НОМЕР ГОСУДАРСТВЕННОЙ РЕГИСТРАЦИИ
Код страны Российская Федерация
Номер КН-П-25-033834
Номер Листа государственной регистраци КН-П-25-3344
035 ## - ДРУГИЕ СИСТЕМНЫЕ НОМЕРА
Идентификатор записи (NLR Aleph) 022596141
100 ## - ДАННЫЕ ОБЩЕЙ ОБРАБОТКИ
Данные общей обработки 20250804d2025 u y0rusy50 ca
101 0# - ЯЗЫК РЕСУРСА
Язык текста, звукозаписи и т.д. русский
102 ## - СТРАНА ПУБЛИКАЦИИ ИЛИ ПРОИЗВОДСТВА
Страна публикации Российская Федерация
105 ## - ПОЛЕ КОДИРОВАННЫХ ДАННЫХ: ТЕКСТОВЫЕ МАТЕРИАЛЫ, МОНОГРАФИЧЕСКИЕ
Кодированные данные о монографическом текстовом документе ac||z|||000gy
200 1# - ЗАГЛАВИЕ И СВЕДЕНИЯ ОБ ОТВЕТСТВЕННОСТИ
Основное заглавие Жизнь
210 ## - ПУБЛИКАЦИЯ, РАСПРОСТРАНЕНИЕ И ДР.
Дата издания, распространения и т.д. 2025
215 ## - ФИЗИЧЕСКАЯ ХАРАКТЕРИСТИКА
Специфическое обозначение материала и объем 114 с.
Другие сведения о физической характеристике ил., портр.
327 0# - ПРИМЕЧАНИЯ О СОДЕРЖАНИИ
Текст примечания Содерж.: авт.: Вячеслав Малыченко, Раиса Кириллова, Наталья Чмыхова, Марина Болгарцева, Елена Минеева, Валентина Саган (Казакова), Нина Онучина, Наталья Филиппова, Фаина Назарова, Любовь Украинцева [и др.]
461 #0 - УРОВЕНЬ НАБОРА
Встроенное поле 001RU\NLR\BIBL_A\016259839
-- 2001#$aДрузья ВК$eколлективный сборник стихотворений$fруководитель проекта Вячеслав Малыченко$v[15]
Системный номер (АБИС) связанной записи 12853026
Место публикации [Б. м
Дата публикации 2022
Первые сведения об ответственности руководитель проекта Вячеслав Малыченко
Имя издателя, распространителя и т.д. б. и.]
Сведения, относящиеся к заглавию коллективный сборник стихотворений
Заглавие Друзья ВК
Номер тома [15]
942 ## - ДОПОЛНИТЕЛЬНЫЕ ЭЛЕМЕНТЫ ЗАПИСИ (АБИС)
Тип экземпляра АБИС Книга
980 ## - КОЛЛЕКЦИЯ
Название коллекции Национальная библиография

Нет доступных экземпляров.